[Event "OMA-chT 6th"]
[Site "Muscat"]
[Date "2023.08.09"]
[Round "8.3"]
[White "Al Kathiri, Mana"]
[Black "Salim Issa, Ali Shamas"]
[Result "1-0"]
[WhiteElo "1677"]
[BlackElo "1793"]
[PlyCount "133"]
[EventDate "2023.08.03"]
[EventType "team-swiss"]
[EventRounds "9"]
[EventCountry "OMN"]
[SourceTitle "EXT 2024"]
[Source "ChessBase"]
[SourceDate "2023.10.10"]
[SourceVersion "1"]
[SourceVersionDate "2023.10.10"]
[SourceQuality "1"]
[WhiteTeam "Salalah"]
[BlackTeam "Taqah"]
[WhiteTeamCountry "OMN"]
[BlackTeamCountry "OMN"]

1. d4 Nf6 2. Nc3 e6 3. e4 d5 4. e5 Nfd7 5. Nce2 c5 6. c3 Nc6 7. f4 Qa5 8. Bd2 Qb6 9. Nf3 Qxb2 10. Ng3 cxd4 11. Rb1 Qa3 12. Nxd4 Nxd4 13. cxd4 a6 14. Qc2 h5 15. Bd3 h4 16. Nf1 b5 17. f5 exf5 18. Bxf5 Be7 19. e6 fxe6 20. Bxe6 Kd8 21. Ne3 Bb7 22. Bxd7 Kxd7 23. Rc1 Qd6 24. Qf5+ Ke8 25. 0-0 Rf8 26. Qg4 Rxf1+ 27. Rxf1 g6 28. Qe2 Qe6 29. Qf3 Kd7 30. Ng4 Rf8 31. Ne5+ Ke8 32. Qd3 Rxf1+ 33. Qxf1 Qf5 34. Qe1 g5 35. h3 Qe4 36. Qf2 Qb1+ 37. Kh2 Qh7 38. Qe2 Qh6 39. Qg4 Qd6 40. Bxg5 Bxg5 41. Qxg5 Qe6 42. Qxh4 Qf5 43. Qh8+ Qf8 44. Qh4 Qg7 45. Qf4 Qf8 46. Qg4 Qd6 47. h4 Kd8 48. h5 Kc7 49. Qg7+ Kb6 50. Qg6 Qxg6 51. Nxg6 Bc8 52. h6 Bf5 53. h7 Bxg6 54. h8Q Be4 55. Qc8 Ka5 56. Qc5 Ka4 57. g4 a5 58. Kg3 b4 59. Kf4 b3 60. axb3+ Kxb3 61. Qxa5 Kc4 62. Qc5+ Kd3 63. g5 Kd2 64. Qa3 Kc2 65. Ke3 Kb1 66. Kd2 Bg2 67. Kc3 1-0

[Event "OMA-ch"]
[Site "Muscat"]
[Date "2021.09.25"]
[Round "5"]
[White "Al Kathiri, Mana"]
[Black "Al Kathiri, Salim Said"]
[Result "0-1"]
[WhiteElo "1521"]
[BlackElo "1707"]
[PlyCount "172"]
[EventDate "2021.09.22"]
[EventType "swiss"]
[EventRounds "9"]
[EventCountry "OMN"]
[SourceTitle "EXT 2023"]
[Source "ChessBase"]
[SourceDate "2022.10.05"]
[SourceVersion "1"]
[SourceVersionDate "2022.10.05"]
[SourceQuality "1"]

1. d4 d5 2. Nf3 c5 3. c3 Nc6 4. e3 cxd4 5. exd4 Bg4 6. Be2 e6 7. 0-0 Bd6 8. Re1 Nf6 9. Bg5 0-0 10. Nbd2 h6 11. Bh4 Be7 12. h3 Bf5 13. Bb5 g5 14. Bg3 Nh5 15. Bxc6 bxc6 16. Ne5 Nxg3 17. Nxc6 Qc7 18. Nxe7+ Qxe7 19. fxg3 Rab8 20. Nb3 Qc7 21. Kh2 Kg7 22. Qe2 Rh8 23. Qf2 Rb6 24. Nc5 h5 25. Kg1 Rh6 26. Re3 g4 27. h4 Rf6 28. Rf1 Rc6 29. Nd3 Qe7 30. Qxf5 Rxf5 31. Rxf5 f6 32. Rxd5 Qf7 33. Ra5 Kh6 34. Kh2 Qc7 35. Rb5 a6 36. Rb3 Qa5 37. Ra3 Qb5 38. Rb3 Qa4 39. Ra3 Qc4 40. Ra5 Rb6 41. a3 Rd6 42. Rc5 Qb3 43. Rc8 Qb7 44. Re8 Qd7 45. Rb8 e5 46. Nc5 Qf5 47. Ne4 Rd7 48. Rb6 exd4 49. cxd4 Re7 50. Nd6 Qa5 51. Nc4 Qxb6 52. Nxb6 Rxe3 53. d5 Rb3 54. Nc4 Rb7 55. Kg1 Kg6 56. Kf2 Rc7 57. Ne3 f5 58. Ke2 Kf6 59. Kd3 Ke5 60. b3 Rc1 61. Kd2 Ra1 62. a4 Ra2+ 63. Kd3 Ra1 64. Kd2 Rb1 65. Kc2 Re1 66. Kd2 Ra1 67. Kd3 Rc1 68. Kd2 Rc8 69. Kd3 Rc7 70. b4 Rb7 71. Kc4 Ke4 72. b5 axb5+ 73. axb5 Kxe3 74. Kc5 Ke4 75. d6 Ke5 76. Kc6 Rxb5 77. Kxb5 Kxd6 78. Kc4 Ke5 79. Kd3 f4 80. Ke2 Ke4 81. Kf2 f3 82. gxf3+ gxf3 83. Kf1 Ke3 84. Ke1 f2+ 85. Kf1 Kf3 86. g4 hxg4 0-1